000
00350nam a2200145Ia 4500
008
230605s2000 xx 000 0 und d
041
_a
eng
100
_a
By shirings for success
245
_a
Introduction to Catering Ingrediment
260
_b
Delmar pub.
_c
2000
300
_a
398p
520
_a
General
520
_a
Hard Board
650
_a
C.S.
999
_c
420667
_d
420667